| 000 | 00783nam a2200241 i 4500 | ||
|---|---|---|---|
| 001 | 58996 | ||
| 003 | ES-MaACL | ||
| 005 | 20230906163934.0 | ||
| 007 | t| | ||
| 008 | 031027s1946 sp |||| | spa d | ||
| 100 | 1 |
_aEddington, Arthur Stanley _cSir. _946616 |
|
| 245 | 1 | 3 |
_aLa filosofía de la ciencia física / _cArthur S. Eddington ; traducción de Carlos E. Prélat y Alberto L.M. Lelong. |
| 250 | _a2ª ed. | ||
| 260 |
_aBuenos Aires : _bSudamericana, _c1946 ( _fJ. Hays Bell) |
||
| 300 |
_a306 p. ; _c21 cm. |
||
| 490 | 1 | _aCiencia y cultura | |
| 650 | 0 | 4 |
_aFísica- _xFilosofía. _912881 |
| 700 | 1 |
_aPrélat, Carlos E. _993748 |
|
| 700 | 1 |
_aLelong, Alberto L. M. _9182663 |
|
| 830 | 0 |
_aCiencia y cultura _9182664 |
|
| 852 |
_aES-MaACL _jD-6343 |
||
| 999 |
_c58996 _d58996 |
||